| 000 | 01065cam a22003377i 4500 | ||
|---|---|---|---|
| 001 | 20589427 | ||
| 003 | OSt | ||
| 005 | 20250417133727.0 | ||
| 008 | 180718s2019 caua g 001 0 eng d | ||
| 010 | _a 2018952209 | ||
| 020 | _a9781681983912 (paperback) | ||
| 035 | _a(OCoLC)on1077003540 | ||
| 040 |
_aPVL _beng _cPVL _erda _dIGA _dNYP _dOCLCF _dCLE _dDLC _dKCST |
||
| 042 | _alccopycat | ||
| 050 | 0 | 0 |
_aTR146 _b.H59 2019 |
| 082 | 0 | 4 |
_a771 _223 |
| 082 | 0 | 4 |
_a770 _223 |
| 100 | 1 |
_aHess, Alan, _eauthor. _94 |
|
| 245 | 1 | 0 |
_aMake great photos : _ba friendly guide for improving your photographs / _cAlan Hess. |
| 250 | _aFirst edition. | ||
| 260 |
_aSan Rafael, CA : _bRocky Nook, _c[2019]. |
||
| 300 |
_ax, 274 pages : _bchiefly color illustrations ; _c21 cm |
||
| 336 |
_atext _btxt _2rdacontent |
||
| 337 |
_aunmediated _bn _2rdamedia |
||
| 338 |
_avolume _bnc _2rdacarrier |
||
| 500 | _aIncludes index. | ||
| 650 | 0 |
_aPhotography _xTechnique. _95 |
|
| 650 | 0 |
_aPhotography _xDigital techniques. _96 |
|
| 650 | 7 |
_aPHOTOGRAPHY / Reference. _2bisacsh _97 |
|
| 942 |
_2ddc _cBK |
||
| 999 |
_c18 _d18 |
||